| 000 | 00754nam a22001815i 4500 | ||
|---|---|---|---|
| 001 | 162058 | ||
| 003 | ES-MaACL | ||
| 005 | 20250724063423.0 | ||
| 008 | 041102s1825 fr |||| | fre d | ||
| 040 |
_aCAM _bspa _cCAM |
||
| 100 | 1 |
_aPichot, Amédée, _d1795-1877 _991840 |
|
| 245 | 1 | 0 |
_aOpinions des médecins d'Edimbourg sur la petite-vérole et la vaccine / _cpubliées par Amédée Pichot. |
| 260 |
_aParis : _bchez Ladvocat, Gabon, Charles Gosselin, _c1825 ( _fImprimerie de Lachevardière Fils) |
||
| 300 |
_a32 p. ; _c21 cm. |
||
| 650 | 0 | 4 |
_aViruela- _xVacunación. _9136990 |
| 852 |
_aES-MaACL _jR-1364(5) _z-- Enc. hol. _q-- Falto de la cub. original _z-- Enc. en un vol. facticio _z.- Donat. Mateo Seoane |
||
| 999 |
_c162058 _d162058 |
||